The perils of progress : (Record no. 441)
[ view plain ]
| 000 -LEADER | |
|---|---|
| fixed length control field | 00633nam a2200205 4500 |
| 003 - CONTROL NUMBER IDENTIFIER | |
| control field | OSt |
| 005 - DATE AND TIME OF LATEST TRANSACTION | |
| control field | 20140917182924.0 |
| 008 - FIXED-LENGTH DATA ELEMENTS--GENERAL INFORMATION | |
| fixed length control field | 140917b xxu||||| |||| 00| 0 eng d |
| 020 ## - INTERNATIONAL STANDARD BOOK NUMBER | |
| International Standard Book Number | 185649697 |
| 040 ## - CATALOGING SOURCE | |
| Transcribing agency | 040a |
| 082 ## - DEWEY DECIMAL CLASSIFICATION NUMBER | |
| Edition number | 19 |
| Classification number | 613 |
| Item number | ASH 1998 |
| 100 ## - MAIN ENTRY--PERSONAL NAME | |
| Personal name | Ashton, John |
| 9 (RLIN) | 1166 |
| 245 ## - TITLE STATEMENT | |
| Title | The perils of progress : |
| Remainder of title | The health and environmental hazards of modern technology and what you can do about them / |
| Statement of responsibility, etc. | John Ashton, Ron Laura |
| 260 ## - PUBLICATION, DISTRIBUTION, ETC. (IMPRINT) | |
| Place of publication, distribution, etc. | London |
| Name of publisher, distributor, etc. | Zed books ltd |
| Date of publication, distribution, etc. | 1998 |
| 300 ## - PHYSICAL DESCRIPTION | |
| Extent | xiii, 346p ; |
| Other physical details | ill : |
| Dimensions | 8 cm. |
| 504 ## - BIBLIOGRAPHY, ETC. NOTE | |
| Bibliography, etc | includes index |
| 650 ## - SUBJECT ADDED ENTRY--TOPICAL TERM | |
| Topical term or geographic name as entry element | Technology |
| 9 (RLIN) | 1144 |
| 700 ## - ADDED ENTRY--PERSONAL NAME | |
| Personal name | Laura, Ron |
| 9 (RLIN) | 1167 |
| 942 ## - ADDED ENTRY ELEMENTS (KOHA) | |
| Source of classification or shelving scheme | Dewey Decimal Classification |
| Koha item type | Short Loan |
| Withdrawn status | Lost status | Source of classification or shelving scheme | Damaged status | Not for loan | Home library | Current library | Date acquired | Inventory number | Total Checkouts | Full call number | Barcode | Date last seen | Price effective from | Koha item type |
|---|---|---|---|---|---|---|---|---|---|---|---|---|---|---|
| Dewey Decimal Classification | MUST Main Library | MUST Main Library | 17/09/2014 | 2003/19239 | 613 ASH 1998 | 2014-2806 | 17/09/2014 | 17/09/2014 | Short Loan | |||||
| Dewey Decimal Classification | MUST Main Library | MUST Main Library | 17/09/2014 | 2003/19240 | 613 ASH 1998 | 2014-2807 | 17/09/2014 | 17/09/2014 | Short Loan |
